MARC

LEADER 00000nam0a2200000 4500
001 268298
005 20231031224043.0
035 |a (RuTPU)RU\TPU\book\291449 
090 |a 268298 
100 |a 20140901d1986 k y0rusy5003 ca 
101 0 |a rus 
102 |a UA 
105 |a y z 001zy 
200 1 |a Информация и коммуникация  |f А. А. Коренной 
210 |a Киев  |c Наукова думка  |d 1986 
215 |a 144 с.  |d 20 см 
320 |a Библиогр.: с. 143 
606 1 |a Информатика  |2 stltpush  |3 (RuTPU)RU\TPU\subj\12879 
610 1 |a массовая информация 
610 1 |a массовая коммуникация 
610 1 |a управление 
610 1 |a прогнозирование 
610 1 |a технические средства 
610 1 |a компьютеры 
610 1 |a перспективы 
686 |a Ч23  |v LBC/SL-A  |2 rubbk 
700 1 |a Коренной  |b А. А.  |g Алексей Алексеевич  |4 070 
801 0 |a RU  |b RuMRKP  |c 19950417  |g psbo 
801 1 |a RU  |b 63413507  |c 20140901 
801 2 |a RU  |b 63413507  |c 20180606  |g RCR 
942 |c BK